[Event "Irena Warakomska Memorial A"]
[Site "Suwalki"]
[Date "2021.07.31"]
[Round "6"]
[White "Leniart, Arkadiusz"]
[Black "Sowul, Bartosz"]
[Result "1-0"]
[Board "17"]
[WhiteElo "2499"]
[WhiteTitle "GM"]
[WhiteCountry "POL"]
[WhiteFideId "1124226"]
[WhiteEloChange "1"]
[BlackElo "2186"]
[BlackCountry "POL"]
[BlackFideId "1137590"]
[BlackEloChange "-3"]

1. e4 {[%clk 1:30:56]} c5 {[%clk 1:30:56]} 2. c3 {[%clk 1:31:21]} d5 {[%clk
1:31:21]} 3. exd5 {[%clk 1:31:46]} Qxd5 {[%clk 1:31:46]} 4. d4 {[%clk 1:32:12]}
g6 {[%clk 1:32:07]} 5. Nf3 {[%clk 1:32:34]} Nc6 {[%clk 1:32:30]} 6. Be2 {[%clk
1:32:55]} cxd4 {[%clk 1:28:16]} 7. cxd4 {[%clk 1:33:08]} Bg7 {[%clk 1:28:31]} 8.
Nc3 {[%clk 1:32:54]} Qd8 {[%clk 1:28:50]} 9. O-O {[%clk 1:23:54]} Nh6 {[%clk
1:24:39]} 10. d5 {[%clk 1:19:56]} Nb8 {[%clk 1:24:41]} 11. Bf4 {[%clk 1:19:34]}
O-O {[%clk 1:18:47]} 12. Nb5 {[%clk 1:13:44]} Na6 {[%clk 1:11:53]} 13. Rc1 {[%clk
1:07:56]} Nf5 {[%clk 1:02:57]} 14. Qd2 {[%clk 0:41:29]} Bd7 {[%clk 0:35:42]} 15.
Nc7 {[%clk 0:41:05]} Nxc7 {[%clk 0:35:10]} 16. Bxc7 {[%clk 0:41:20]} Qe8 {[%clk
0:35:30]} 17. Qb4 {[%clk 0:37:51]} b5 {[%clk 0:35:03]} 18. Rfe1 {[%clk 0:34:37]}
a5 {[%clk 0:30:25]} 19. Bxa5 {[%clk 0:34:59]} Ra6 {[%clk 0:27:37]} 20. Rc7 {[%clk
0:26:58]} Rd6 {[%clk 0:23:39]} 21. Bd3 {[%clk 0:24:59]} Qa8 {[%clk 0:17:53]} 22.
Rc5 {[%clk 0:17:57]} Ra6 {[%clk 0:12:45]} 23. Bc7 {[%clk 0:10:12]} Ra4 {[%clk
0:11:55]} 24. Qd2 {[%clk 0:09:09]} Qa7 {[%clk 0:08:43]} 25. Rc2 {[%clk 0:06:26]}
Rxa2 {[%clk 0:08:25]} 26. Ne5 {[%clk 0:03:45]} Rc8 {[%clk 0:07:43]} 27. Nxd7
{[%clk 0:03:29]} Rxc7 {[%clk 0:08:04]} 28. Bxf5 {[%clk 0:03:38]} Rxc2 {[%clk
0:00:45]} 29. Qxc2 {[%clk 0:03:45]} Qb7 {[%clk 0:00:33]} 30. Qc6 {[%clk 0:03:16]}
Ra7 {[%clk 0:00:35]} 31. Bh3 {[%clk 0:02:30]} Bxb2 {[%clk 0:00:31]} 32. g3 {[%clk
0:02:28]} 1-0

[Event "Irena Warakomska Memorial A"]
[Site "Suwalki"]
[Date "2021.07.31"]
[Round "6"]
[White "Sliwicka, Alicja"]
[Black "Dzhuguryan, Tygran"]
[Result "0-1"]
[Board "18"]
[WhiteElo "2308"]
[WhiteTitle "WIM"]
[WhiteCountry "POL"]
[WhiteFideId "1150677"]
[WhiteEloChange "-14"]
[BlackElo "2176"]
[BlackCountry "POL"]
[BlackFideId "21872988"]
[BlackEloChange "14"]

1. e4 {[%clk 1:27:03]} c6 {[%clk 1:30:53]} 2. d4 {[%clk 1:27:22]} d5 {[%clk
1:31:16]} 3. Nc3 {[%clk 1:27:44]} a6 {[%clk 1:28:27]} 4. Bd3 {[%clk 1:23:02]}
dxe4 {[%clk 1:28:24]} 5. Nxe4 {[%clk 1:20:59]} Qxd4 {[%clk 1:27:53]} 6. Nf3
{[%clk 1:19:30]} Qd8 {[%clk 1:25:58]} 7. Neg5 {[%clk 1:12:46]} Nh6 {[%clk
1:23:45]} 8. O-O {[%clk 1:05:24]} g6 {[%clk 1:19:13]} 9. Qe2 {[%clk 0:49:09]} Bg7
{[%clk 1:19:33]} 10. Bf4 {[%clk 0:45:28]} O-O {[%clk 1:16:48]} 11. Rad1 {[%clk
0:41:45]} Nd7 {[%clk 1:15:53]} 12. h4 {[%clk 0:33:43]} e5 {[%clk 1:14:29]} 13.
Nxe5 {[%clk 0:28:58]} Nxe5 {[%clk 1:14:55]} 14. Bxe5 {[%clk 0:29:17]} Bg4 {[%clk
1:12:06]} 15. f3 {[%clk 0:27:30]} Qb6+ {[%clk 1:12:28]} 16. Kh1 {[%clk 0:26:25]}
Rfe8 {[%clk 1:12:39]} 17. fxg4 {[%clk 0:26:05]} Rxe5 {[%clk 1:12:57]} 18. Qf3
{[%clk 0:25:37]} Re3 {[%clk 1:12:01]} 19. Qf4 {[%clk 0:24:01]} Be5 {[%clk
1:11:23]} 20. Qc4 {[%clk 0:23:21]} Rf8 {[%clk 1:11:26]} 21. Be2 {[%clk 0:16:07]}
Qb5 {[%clk 1:09:02]} 22. Qxb5 {[%clk 0:10:48]} axb5 {[%clk 1:09:25]} 23. Bf3
{[%clk 0:11:07]} Re8 {[%clk 0:59:43]} 24. Rfe1 {[%clk 0:07:14]} Bxb2 {[%clk
0:55:15]} 25. Rxe3 {[%clk 0:07:38]} Rxe3 {[%clk 0:55:43]} 26. Kg1 {[%clk
0:06:38]} Re7 {[%clk 0:55:18]} 27. Nh3 {[%clk 0:05:26]} f5 {[%clk 0:53:12]} 28.
Nf2 {[%clk 0:05:45]} fxg4 {[%clk 0:51:53]} 29. Nxg4 {[%clk 0:06:05]} Nf5 {[%clk
0:51:34]} 30. h5 {[%clk 0:04:25]} gxh5 {[%clk 0:48:17]} 31. Nf2 {[%clk 0:04:50]}
h4 {[%clk 0:48:33]} 32. Ne4 {[%clk 0:04:48]} Kg7 {[%clk 0:45:26]} 33. c3 {[%clk
0:04:59]} Ng3 {[%clk 0:44:38]} 34. Rb1 {[%clk 0:02:02]} Nxe4 {[%clk 0:44:21]} 35.
Re1 {[%clk 0:01:48]} Bxc3 {[%clk 0:44:30]} 36. Rxe4 {[%clk 0:02:14]} Rxe4 {[%clk
0:44:55]} 37. Bxe4 {[%clk 0:02:42]} Kf6 {[%clk 0:44:21]} 38. Kf2 {[%clk 0:02:23]}
h6 {[%clk 0:44:05]} 39. Ke3 {[%clk 0:02:45]} Ke5 {[%clk 0:44:31]} 40. Bf3 {[%clk
0:32:17]} Bd4+ {[%clk 1:10:49]} 41. Kd3 {[%clk 0:32:00]} Bf2 {[%clk 1:11:16]} 42.
Bg4 {[%clk 0:30:02]} Kd5 {[%clk 1:11:36]} 43. Kc3 {[%clk 0:27:10]} Ke4 {[%clk
1:00:18]} 44. Bc8 {[%clk 0:25:46]} Be1+ {[%clk 1:00:38]} 45. Kb3 {[%clk 0:22:51]}
b6 {[%clk 1:01:01]} 46. Bd7 {[%clk 0:23:01]} Kd5 {[%clk 1:01:29]} 47. Kc2 {[%clk
0:21:42]} Bg3 {[%clk 1:00:56]} 48. Kb3 {[%clk 0:22:04]} Bd6 {[%clk 1:01:08]} 49.
Be8 {[%clk 0:22:12]} b4 {[%clk 1:00:53]} 50. Bd7 {[%clk 0:22:06]} c5 {[%clk
0:59:22]} 51. Bb5 {[%clk 0:16:32]} Kd4 {[%clk 0:58:39]} 52. Kc2 {[%clk 0:11:43]}
Ke3 {[%clk 0:59:03]} 53. Kd1 {[%clk 0:08:53]} Kf2 {[%clk 0:59:22]} 54. Bc6 {[%clk
0:09:04]} c4 {[%clk 0:56:26]} 55. Bd5 {[%clk 0:09:18]} b3 {[%clk 0:54:06]} 56.
axb3 {[%clk 0:07:45]} cxb3 {[%clk 0:54:34]} 57. Kd2 {[%clk 0:07:02]} b2 {[%clk
0:54:55]} 58. Kc2 {[%clk 0:06:19]} Be5 {[%clk 0:55:19]} 59. Be4 {[%clk 0:06:29]}
Kg3 {[%clk 0:55:22]} 60. Kb1 {[%clk 0:06:17]} h3 {[%clk 0:55:48]} 61. gxh3 {[%clk
0:06:25]} Kxh3 {[%clk 0:56:16]} 62. Bg6 {[%clk 0:06:49]} Kg4 {[%clk 0:56:30]} 63.
Kc2 {[%clk 0:07:06]} h5 {[%clk 0:56:58]} 64. Kd2 {[%clk 0:07:30]} h4 {[%clk
0:57:26]} 65. Ke2 {[%clk 0:07:54]} Kg3 {[%clk 0:57:53]} 66. Be4 {[%clk 0:07:13]}
h3 {[%clk 0:58:19]} 0-1

[Event "Irena Warakomska Memorial A"]
[Site "Suwalki"]
[Date "2021.07.31"]
[Round "6"]
[White "Indriunas, Matas"]
[Black "Schippers, Maurice"]
[Result "1-0"]
[Board "19"]
[WhiteElo "2210"]
[WhiteCountry "LTU"]
[WhiteFideId "12812897"]
[WhiteEloChange "12"]
[BlackElo "2292"]
[BlackTitle "FM"]
[BlackCountry "NED"]
[BlackFideId "1004735"]
[BlackEloChange "-12"]

1. e4 {[%clk 1:30:57]} c5 {[%clk 1:30:53]} 2. Nf3 {[%clk 1:31:14]} e6 {[%clk
1:31:07]} 3. d4 {[%clk 1:31:33]} cxd4 {[%clk 1:31:21]} 4. Nxd4 {[%clk 1:32:00]}
Nf6 {[%clk 1:31:41]} 5. Nc3 {[%clk 1:32:22]} Nc6 {[%clk 1:32:05]} 6. Nxc6 {[%clk
1:31:56]} bxc6 {[%clk 1:32:04]} 7. e5 {[%clk 1:31:48]} Nd5 {[%clk 1:32:29]} 8.
Ne4 {[%clk 1:32:08]} Qc7 {[%clk 1:32:14]} 9. f4 {[%clk 1:32:29]} f5 {[%clk
1:31:02]} 10. exf6 {[%clk 1:30:05]} gxf6 {[%clk 1:31:21]} 11. Be2 {[%clk
1:05:51]} Ba6 {[%clk 1:26:21]} 12. O-O {[%clk 1:00:20]} Be7 {[%clk 1:23:15]} 13.
Bxa6 {[%clk 0:54:15]} Qb6+ {[%clk 1:23:41]} 14. Kh1 {[%clk 0:54:28]} Qxa6 {[%clk
1:24:07]} 15. f5 {[%clk 0:52:55]} e5 {[%clk 1:16:13]} 16. Qh5+ {[%clk 0:49:23]}
Kd8 {[%clk 1:15:04]} 17. Qf3 {[%clk 0:48:24]} Kc7 {[%clk 1:03:59]} 18. Bh6 {[%clk
0:48:00]} Rhg8 {[%clk 0:51:08]} 19. b3 {[%clk 0:45:16]} Nb6 {[%clk 0:37:38]} 20.
c4 {[%clk 0:40:59]} Rad8 {[%clk 0:26:44]} 21. Qh5 {[%clk 0:33:23]} d5 {[%clk
0:17:34]} 22. Qf7 {[%clk 0:30:00]} dxe4 {[%clk 0:17:31]} 23. Qxe7+ {[%clk
0:30:17]} Nd7 {[%clk 0:17:30]} 24. Rad1 {[%clk 0:27:52]} Qxa2 {[%clk 0:13:42]}
25. Rd2 {[%clk 0:28:05]} Qxb3 {[%clk 0:14:07]} 26. Rfd1 {[%clk 0:27:24]} Kc8
{[%clk 0:10:43]} 27. Qe6 {[%clk 0:25:29]} Kb8 {[%clk 0:09:47]} 28. Qxc6 {[%clk
0:24:13]} a6 {[%clk 0:01:17]} 29. Be3 {[%clk 0:13:07]} Rg7 {[%clk 0:00:36]} 30.
Qxa6 {[%clk 0:13:08]} Qb7 {[%clk 0:00:38]} 31. Qa3 {[%clk 0:12:50]} Rgg8 {[%clk
0:00:39]} 32. h3 {[%clk 0:11:51]} Qc6 {[%clk 0:00:48]} 33. Rd6 {[%clk 0:11:14]}
Qb7 {[%clk 0:01:01]} 34. R6d5 {[%clk 0:10:07]} Kc8 {[%clk 0:00:56]} 35. Rb5
{[%clk 0:10:00]} Qc6 {[%clk 0:00:48]} 36. Rd6 {[%clk 0:09:59]} Qxc4 {[%clk
0:01:14]} 37. Qa6+ {[%clk 0:10:22]} Kc7 {[%clk 0:01:37]} 38. Rb7+ {[%clk
0:10:46]} 1-0

[Event "Irena Warakomska Memorial A"]
[Site "Suwalki"]
[Date "2021.07.31"]
[Round "6"]
[White "Shilov, Sergej"]
[Black "Paszewski, Mateusz"]
[Result "1/2-1/2"]
[Board "20"]
[WhiteElo "2197"]
[WhiteTitle "FM"]
[WhiteCountry "UKR"]
[WhiteFideId "14101505"]
[WhiteEloChange "2"]
[BlackElo "2280"]
[BlackTitle "FM"]
[BlackCountry "POL"]
[BlackFideId "1141058"]
[BlackEloChange "-2"]

1. d4 {[%clk 1:30:18]} d5 {[%clk 1:30:45]} 2. c4 {[%clk 1:29:00]} e6 {[%clk
1:30:40]} 3. Nc3 {[%clk 1:28:58]} Nf6 {[%clk 1:29:18]} 4. Bg5 {[%clk 1:28:46]} c6
{[%clk 1:20:56]} 5. Nf3 {[%clk 1:26:38]} dxc4 {[%clk 1:14:08]} 6. e4 {[%clk
1:25:57]} b5 {[%clk 1:14:20]} 7. e5 {[%clk 1:25:31]} h6 {[%clk 1:13:49]} 8. Bh4
{[%clk 1:25:27]} g5 {[%clk 1:14:14]} 9. Nxg5 {[%clk 1:24:41]} hxg5 {[%clk
1:14:40]} 10. Bxg5 {[%clk 1:25:09]} Nbd7 {[%clk 1:15:06]} 11. exf6 {[%clk
1:24:21]} Bb7 {[%clk 1:15:14]} 12. a4 {[%clk 1:20:43]} Qb6 {[%clk 0:55:26]} 13.
a5 {[%clk 1:09:33]} Qa6 {[%clk 0:53:26]} 14. Be2 {[%clk 1:04:40]} O-O-O {[%clk
0:52:06]} 15. O-O {[%clk 0:59:43]} Nc5 {[%clk 0:36:55]} 16. Bh5 {[%clk 0:52:36]}
Rh7 {[%clk 0:32:10]} 17. Qg4 {[%clk 0:52:02]} Nd3 {[%clk 0:26:44]} 18. Bxf7
{[%clk 0:48:48]} Rxf7 {[%clk 0:24:23]} 19. Qxe6+ {[%clk 0:49:16]} Rdd7 {[%clk
0:23:57]} 20. Rfd1 {[%clk 0:41:58]} Kd8 {[%clk 0:12:43]} 21. Re1 {[%clk 0:39:51]}
Nxe1 {[%clk 0:07:10]} 22. Rxe1 {[%clk 0:40:19]} Bd6 {[%clk 0:07:36]} 23. Qe8+
{[%clk 0:40:09]} Kc7 {[%clk 0:08:05]} 24. Re7 {[%clk 0:39:33]} Rfxe7 {[%clk
0:05:29]} 25. fxe7 {[%clk 0:39:48]} Bxe7 {[%clk 0:05:56]} 26. Bxe7 {[%clk
0:39:52]} Qxa5 {[%clk 0:06:22]} 27. h4 {[%clk 0:37:46]} Qa1+ {[%clk 0:04:42]} 28.
Kh2 {[%clk 0:38:02]} Qxb2 {[%clk 0:05:11]} 29. Bf6 {[%clk 0:35:39]} Qxc3 {[%clk
0:03:46]} 30. Be5+ {[%clk 0:35:53]} Kb6 {[%clk 0:04:15]} 31. Qxd7 {[%clk
0:36:06]} Qd2 {[%clk 0:02:27]} 32. Qd6 {[%clk 0:33:50]} Qxf2 {[%clk 0:02:11]} 33.
Qc5+ {[%clk 0:33:58]} Ka6 {[%clk 0:02:02]} 34. Bg3 {[%clk 0:34:03]} Qf6 {[%clk
0:01:39]} 35. Kg1 {[%clk 0:30:27]} 1/2-1/2

[Event "Irena Warakomska Memorial A"]
[Site "Suwalki"]
[Date "2021.07.31"]
[Round "6"]
[White "Budrewicz, Krzysztof"]
[Black "Krzywda, Andrzej"]
[Result "0-1"]
[Board "21"]
[WhiteElo "2279"]
[WhiteCountry "POL"]
[WhiteFideId "1127950"]
[WhiteEloChange "-15"]
[BlackElo "2105"]
[BlackTitle "CM"]
[BlackCountry "POL"]
[BlackFideId "1114565"]
[BlackEloChange "15"]

1. d4 {[%clk 1:30:50]} Nf6 {[%clk 1:30:54]} 2. c4 {[%clk 1:30:34]} c5 {[%clk
1:31:11]} 3. d5 {[%clk 1:30:00]} b5 {[%clk 1:31:36]} 4. Nf3 {[%clk 1:29:42]} Bb7
{[%clk 1:31:19]} 5. Qc2 {[%clk 1:27:51]} bxc4 {[%clk 1:31:17]} 6. e4 {[%clk
1:28:13]} e6 {[%clk 1:31:35]} 7. dxe6 {[%clk 1:27:14]} dxe6 {[%clk 1:32:00]} 8.
Nc3 {[%clk 1:26:32]} Nc6 {[%clk 1:31:16]} 9. Bxc4 {[%clk 1:26:27]} Nd4 {[%clk
1:30:42]} 10. Qd3 {[%clk 1:24:27]} Be7 {[%clk 1:28:19]} 11. Be3 {[%clk 1:21:43]}
Nxf3+ {[%clk 1:19:49]} 12. gxf3 {[%clk 1:22:02]} Qxd3 {[%clk 1:17:09]} 13. Bxd3
{[%clk 1:22:26]} O-O {[%clk 1:16:44]} 14. O-O {[%clk 1:13:43]} Nd7 {[%clk
1:12:18]} 15. Rac1 {[%clk 1:12:16]} Ne5 {[%clk 0:59:57]} 16. Be2 {[%clk 1:12:17]}
f5 {[%clk 0:53:37]} 17. f4 {[%clk 1:05:01]} Ng6 {[%clk 0:50:22]} 18. f3 {[%clk
0:55:07]} e5 {[%clk 0:46:16]} 19. Bc4+ {[%clk 0:40:31]} Kh8 {[%clk 0:46:41]} 20.
Bd5 {[%clk 0:34:00]} exf4 {[%clk 0:40:34]} 21. Bf2 {[%clk 0:33:54]} Rab8 {[%clk
0:37:49]} 22. Rfd1 {[%clk 0:31:44]} fxe4 {[%clk 0:34:19]} 23. Nxe4 {[%clk
0:30:25]} Bxd5 {[%clk 0:33:04]} 24. Rxd5 {[%clk 0:30:50]} Rxb2 {[%clk 0:32:17]}
25. a4 {[%clk 0:30:23]} Rc8 {[%clk 0:24:10]} 26. Rd7 {[%clk 0:29:20]} Bf8 {[%clk
0:18:31]} 27. Bd4 {[%clk 0:18:33]} Ra2 {[%clk 0:16:05]} 28. Ra1 {[%clk 0:18:05]}
Rc2 {[%clk 0:15:17]} 29. Bc3 {[%clk 0:18:20]} Nh4 {[%clk 0:14:40]} 30. Rf1 {[%clk
0:18:41]} c4 {[%clk 0:13:17]} 31. Kh1 {[%clk 0:17:35]} Re8 {[%clk 0:11:27]} 32.
Ba1 {[%clk 0:11:07]} Nxf3 {[%clk 0:09:00]} 33. Rxf3 {[%clk 0:11:29]} Rxe4 {[%clk
0:09:03]} 34. Bc3 {[%clk 0:09:09]} Ree2 {[%clk 0:06:40]} 35. Bxg7+ {[%clk
0:07:29]} Kg8 {[%clk 0:04:52]} 36. Bd4 {[%clk 0:07:55]} Rc1+ {[%clk 0:04:54]} 37.
Bg1 {[%clk 0:08:20]} Bc5 {[%clk 0:04:30]} 38. Rd8+ {[%clk 0:08:01]} Kg7 {[%clk
0:04:38]} 39. Rd7+ {[%clk 0:08:13]} Kg6 {[%clk 0:04:40]} 0-1

[Event "Irena Warakomska Memorial A"]
[Site "Suwalki"]
[Date "2021.07.31"]
[Round "6"]
[White "Juknis, Paulius"]
[Black "Luberanski, Jakub"]
[Result "1-0"]
[Board "22"]
[WhiteElo "2172"]
[WhiteCountry "LTU"]
[WhiteFideId "12802247"]
[WhiteEloChange "13"]
[BlackElo "2274"]
[BlackTitle "FM"]
[BlackCountry "POL"]
[BlackFideId "21830509"]
[BlackEloChange "-13"]

1. c4 {[%clk 1:30:56]} e5 {[%clk 1:30:49]} 2. g3 {[%clk 1:31:02]} Nf6 {[%clk
1:31:03]} 3. Bg2 {[%clk 1:31:08]} d5 {[%clk 1:30:42]} 4. cxd5 {[%clk 1:31:28]}
Nxd5 {[%clk 1:31:08]} 5. Nc3 {[%clk 1:31:48]} Nb6 {[%clk 1:31:12]} 6. e3 {[%clk
1:32:00]} Be7 {[%clk 1:30:21]} 7. Nge2 {[%clk 1:32:01]} h5 {[%clk 1:28:52]} 8. h3
{[%clk 1:28:52]} Nc6 {[%clk 1:27:03]} 9. d4 {[%clk 1:21:28]} h4 {[%clk 1:17:37]}
10. g4 {[%clk 1:17:12]} exd4 {[%clk 1:12:40]} 11. exd4 {[%clk 1:15:15]} O-O
{[%clk 1:11:30]} 12. d5 {[%clk 1:11:14]} Ne5 {[%clk 1:09:20]} 13. f4 {[%clk
1:10:02]} Nec4 {[%clk 1:06:03]} 14. b3 {[%clk 1:09:53]} Nd6 {[%clk 1:05:50]} 15.
O-O {[%clk 1:06:37]} Bd7 {[%clk 1:03:05]} 16. Nd4 {[%clk 1:01:22]} Re8 {[%clk
1:00:37]} 17. Be3 {[%clk 0:54:19]} a5 {[%clk 0:55:45]} 18. a4 {[%clk 0:53:42]}
Bf8 {[%clk 0:48:55]} 19. Bf2 {[%clk 0:53:07]} g6 {[%clk 0:46:22]} 20. Qd3 {[%clk
0:25:59]} Qf6 {[%clk 0:42:45]} 21. Nde2 {[%clk 0:25:40]} Qh8 {[%clk 0:39:06]} 22.
Rac1 {[%clk 0:23:42]} f5 {[%clk 0:34:34]} 23. g5 {[%clk 0:21:21]} Rad8 {[%clk
0:24:07]} 24. Kh2 {[%clk 0:16:55]} Qh7 {[%clk 0:22:26]} 25. Nd4 {[%clk 0:16:29]}
Qf7 {[%clk 0:19:48]} 26. Nf3 {[%clk 0:15:26]} Bg7 {[%clk 0:18:36]} 27. Nxh4
{[%clk 0:09:08]} Bc8 {[%clk 0:10:03]} 28. Bd4 {[%clk 0:06:17]} Bxd4 {[%clk
0:07:16]} 29. Qxd4 {[%clk 0:06:46]} Ne4 {[%clk 0:07:22]} 30. Nxe4 {[%clk
0:06:29]} fxe4 {[%clk 0:07:48]} 31. Bxe4 {[%clk 0:05:53]} Nxd5 {[%clk 0:07:21]}
32. Nxg6 {[%clk 0:04:23]} Nf6 {[%clk 0:06:25]} 33. Qxf6 {[%clk 0:04:40]} Qxf6
{[%clk 0:06:53]} 34. gxf6 {[%clk 0:05:04]} Rxe4 {[%clk 0:07:21]} 35. Rxc7 {[%clk
0:05:07]} Rd2+ {[%clk 0:07:16]} 36. Kg3 {[%clk 0:04:25]} Bd7 {[%clk 0:07:29]} 37.
Ne5 {[%clk 0:04:24]} Be6 {[%clk 0:06:46]} 38. f5 {[%clk 0:02:15]} Rxe5 {[%clk
0:06:31]} 39. fxe6 {[%clk 0:02:25]} Rd3+ {[%clk 0:06:43]} 40. Rf3 {[%clk
0:32:35]} Rxf3+ {[%clk 0:36:52]} 41. Kxf3 {[%clk 0:32:59]} Rxe6 {[%clk 0:36:21]}
42. f7+ {[%clk 0:33:23]} Kg7 {[%clk 0:36:47]} 43. Rxb7 {[%clk 0:33:47]} Rh6
{[%clk 0:37:02]} 44. Kg2 {[%clk 0:33:32]} Rg6+ {[%clk 0:37:19]} 45. Kh2 {[%clk
0:33:31]} Rf6 {[%clk 0:37:29]} 46. h4 {[%clk 0:33:14]} Rf3 {[%clk 0:37:43]} 47.
Kg2 {[%clk 0:33:29]} Rd3 {[%clk 0:38:09]} 48. h5 {[%clk 0:33:51]} Rd6 {[%clk
0:38:26]} 49. Rb5 {[%clk 0:33:34]} Rd3 {[%clk 0:38:39]} 50. Rf5 {[%clk 0:33:35]}
Kf8 {[%clk 0:39:06]} 1-0

[Event "Irena Warakomska Memorial A"]
[Site "Suwalki"]
[Date "2021.07.31"]
[Round "6"]
[White "Golenia, Jan"]
[Black "Chyzy, Jakub"]
[Result "1/2-1/2"]
[Board "23"]
[WhiteElo "2103"]
[WhiteCountry "POL"]
[WhiteFideId "21800227"]
[WhiteEloChange "4"]
[BlackElo "2257"]
[BlackTitle "FM"]
[BlackCountry "POL"]
[BlackFideId "21806209"]
[BlackEloChange "-4"]

1. c4 {[%clk 1:30:28]} e5 {[%clk 1:27:35]} 2. Nc3 {[%clk 1:30:29]} Nf6 {[%clk
1:28:01]} 3. g3 {[%clk 1:30:09]} d5 {[%clk 1:28:22]} 4. cxd5 {[%clk 1:30:30]}
Nxd5 {[%clk 1:28:49]} 5. Bg2 {[%clk 1:30:55]} Nb6 {[%clk 1:28:24]} 6. e3 {[%clk
1:31:20]} Nc6 {[%clk 1:28:00]} 7. Nge2 {[%clk 1:31:07]} Bg4 {[%clk 1:25:15]} 8.
h3 {[%clk 1:27:30]} Bh5 {[%clk 1:25:18]} 9. O-O {[%clk 1:26:35]} Bd6 {[%clk
1:22:20]} 10. b3 {[%clk 1:25:21]} O-O {[%clk 1:22:24]} 11. g4 {[%clk 0:54:38]}
Bg6 {[%clk 1:22:41]} 12. f4 {[%clk 0:48:23]} Bd3 {[%clk 1:16:53]} 13. Ne4 {[%clk
0:38:31]} f5 {[%clk 1:04:22]} 14. Nxd6 {[%clk 0:36:43]} Qxd6 {[%clk 1:02:46]} 15.
g5 {[%clk 0:30:54]} e4 {[%clk 0:55:22]} 16. Bb2 {[%clk 0:30:53]} Rfd8 {[%clk
0:53:44]} 17. Rf2 {[%clk 0:31:06]} a5 {[%clk 0:52:52]} 18. Nd4 {[%clk 0:31:00]}
Nxd4 {[%clk 0:52:33]} 19. Bxd4 {[%clk 0:31:27]} c5 {[%clk 0:50:55]} 20. Be5
{[%clk 0:31:30]} Qe6 {[%clk 0:48:05]} 21. Qc1 {[%clk 0:31:14]} Nd7 {[%clk
0:43:45]} 22. Bb2 {[%clk 0:28:44]} b5 {[%clk 0:39:43]} 23. h4 {[%clk 0:25:37]} b4
{[%clk 0:38:36]} 24. Bf1 {[%clk 0:21:12]} Qd5 {[%clk 0:22:19]} 25. Bxd3 {[%clk
0:21:13]} Qxd3 {[%clk 0:22:43]} 26. h5 {[%clk 0:21:03]} Rac8 {[%clk 0:16:27]} 27.
h6 {[%clk 0:18:25]} g6 {[%clk 0:16:48]} 28. Qd1 {[%clk 0:18:41]} c4 {[%clk
0:16:47]} 29. bxc4 {[%clk 0:18:49]} Rxc4 {[%clk 0:04:01]} 30. Qa4 {[%clk
0:18:22]} Qd5 {[%clk 0:03:34]} 31. Bd4 {[%clk 0:11:46]} Qc6 {[%clk 0:03:03]} 32.
Qb3 {[%clk 0:11:31]} a4 {[%clk 0:03:17]} 33. Qb2 {[%clk 0:11:44]} a3 {[%clk
0:02:13]} 34. Qb3 {[%clk 0:12:02]} Qd5 {[%clk 0:01:50]} 35. Rff1 {[%clk 0:09:22]}
Rdc8 {[%clk 0:00:39]} 36. Qa4 {[%clk 0:08:36]} Ra8 {[%clk 0:00:34]} 37. Qb3
{[%clk 0:09:04]} Rac8 {[%clk 0:00:35]} 38. Qa4 {[%clk 0:09:32]} Kf7 {[%clk
0:00:45]} 39. Rab1 {[%clk 0:07:51]} Ra8 {[%clk 0:00:50]} 40. Qb3 {[%clk 0:37:29]}
Ke6 {[%clk 0:30:33]} 41. Rfd1 {[%clk 0:31:28]} Rac8 {[%clk 0:26:01]} 42. Qa4
{[%clk 0:25:03]} Qc6 {[%clk 0:12:30]} 43. Qb3 {[%clk 0:23:58]} Ke7 {[%clk
0:09:43]} 44. Bg7 {[%clk 0:21:59]} Nb6 {[%clk 0:04:20]} 45. Bf6+ {[%clk 0:20:12]}
Ke8 {[%clk 0:04:28]} 46. Rbc1 {[%clk 0:19:30]} Qa4 {[%clk 0:03:36]} 47. Qb1
{[%clk 0:17:39]} Kd7 {[%clk 0:02:00]} 48. Qa1 {[%clk 0:16:27]} Qb5 {[%clk
0:00:38]} 49. Rxc4 {[%clk 0:15:53]} Rxc4 {[%clk 0:00:32]} 50. d3 {[%clk 0:16:22]}
exd3 {[%clk 0:00:42]} 51. Rxd3+ {[%clk 0:16:48]} Nd5 {[%clk 0:01:03]} 52. Rd1
{[%clk 0:15:47]} Rc2 {[%clk 0:00:36]} 53. Qe5 {[%clk 0:15:55]} Rg2+ {[%clk
0:00:55]} 54. Kh1 {[%clk 0:15:51]} Rh2+ {[%clk 0:01:07]} 55. Kg1 {[%clk 0:16:10]}
Rg2+ {[%clk 0:01:09]} 56. Kh1 {[%clk 0:16:35]} Rh2+ {[%clk 0:01:17]} 57. Kg1
{[%clk 0:16:58]} Rg2+ {[%clk 0:01:07]} 1/2-1/2

[Event "Irena Warakomska Memorial A"]
[Site "Suwalki"]
[Date "2021.07.31"]
[Round "6"]
[White "Kucza, Karol"]
[Black "Backiel, Hubert"]
[Result "1-0"]
[Board "24"]
[WhiteElo "2337"]
[WhiteTitle "FM"]
[WhiteCountry "POL"]
[WhiteFideId "1159755"]
[WhiteEloChange "2"]
[BlackElo "1955"]
[BlackCountry "POL"]
[BlackFideId "21838631"]
[BlackEloChange "-2"]

1. d4 {[%clk 1:30:36]} Nf6 {[%clk 1:30:44]} 2. c4 {[%clk 1:31:01]} g6 {[%clk
1:31:08]} 3. Nc3 {[%clk 1:31:14]} Bg7 {[%clk 1:31:32]} 4. g3 {[%clk 1:30:06]} O-O
{[%clk 1:31:50]} 5. Bg2 {[%clk 1:30:33]} c5 {[%clk 1:30:05]} 6. Nf3 {[%clk
1:27:53]} d5 {[%clk 1:15:07]} 7. cxd5 {[%clk 1:23:42]} Nxd5 {[%clk 1:14:08]} 8.
O-O {[%clk 1:22:58]} Nxc3 {[%clk 1:03:26]} 9. bxc3 {[%clk 1:22:47]} Nc6 {[%clk
1:02:50]} 10. e3 {[%clk 1:18:49]} Qa5 {[%clk 0:55:44]} 11. Bd2 {[%clk 1:12:42]}
Rd8 {[%clk 0:54:04]} 12. Qb3 {[%clk 1:04:53]} Qa6 {[%clk 0:36:36]} 13. Ng5 {[%clk
0:58:48]} c4 {[%clk 0:35:50]} 14. Qb2 {[%clk 0:56:59]} Bd7 {[%clk 0:16:56]} 15.
f4 {[%clk 0:52:38]} Rab8 {[%clk 0:13:09]} 16. d5 {[%clk 0:34:56]} Na5 {[%clk
0:13:28]} 17. e4 {[%clk 0:34:55]} b5 {[%clk 0:11:41]} 18. e5 {[%clk 0:31:48]} f6
{[%clk 0:09:06]} 19. Nf3 {[%clk 0:30:54]} Bg4 {[%clk 0:09:20]} 20. exf6 {[%clk
0:30:17]} exf6 {[%clk 0:06:02]} 21. Nd4 {[%clk 0:29:28]} Re8 {[%clk 0:02:40]} 22.
Rae1 {[%clk 0:27:24]} Bd7 {[%clk 0:03:04]} 23. f5 {[%clk 0:26:13]} gxf5 {[%clk
0:01:01]} 24. Qc2 {[%clk 0:21:05]} Nb7 {[%clk 0:01:02]} 25. Nxf5 {[%clk 0:20:51]}
Bxf5 {[%clk 0:00:41]} 26. Qxf5 {[%clk 0:21:15]} Nd6 {[%clk 0:00:54]} 27. Qd7
{[%clk 0:18:53]} Red8 {[%clk 0:00:32]} 28. Qe6+ {[%clk 0:19:09]} Kh8 {[%clk
0:00:58]} 29. Rxf6 {[%clk 0:15:44]} Qb6+ {[%clk 0:00:32]} 30. Be3 {[%clk
0:16:04]} Qc7 {[%clk 0:01:02]} 31. Bd4 {[%clk 0:16:18]} Re8 {[%clk 0:00:53]} 32.
Qxe8+ {[%clk 0:16:39]} Rxe8 {[%clk 0:01:14]} 33. Rxe8+ {[%clk 0:17:04]} 1-0